| 000 | 00705nam a22001577a 4500 | ||
|---|---|---|---|
| 005 | 20250206172306.0 | ||
| 008 | 241104b |||||||| |||| 00| 0 eng d | ||
| 100 |
_aMotlagh, Jason. _eauthor. _963514 |
||
| 245 |
_aAfghanistan's lost road : _ba 2,000-mile journey on what's left of its major highway reveals a battered nation moving in reverse / _cJason Motlagh, and Balazs Gardi. |
||
| 260 |
_aWashington ; _bNational Geographic Partners, LLC., _cOctober 2022. |
||
| 300 |
_avolume 241, pages 64-89, _billustration. |
||
| 500 | _aNational Geographic, v. 242, n. 4, pages 64-89, September 2022. | ||
| 700 |
_aMotlagh, Jason. _eauthor. _963509 |
||
| 700 |
_aGardi, Balazs. _eauthor. _963510 |
||
| 942 |
_2ddc _cPER |
||
| 999 |
_c22946 _d22946 |
||